Normale Ansicht
MARC-Ansicht
Eintrag Personenname
001 - Kontrollnummer
- Kontrollfeld: 66326
003 - Kontrollnummer Identifier
- Kontrollfeld:
005 - Datum und Zeit der letzten Transaktion
- Kontrollfeld: 20250509113414.0
008 - Datenelemente mit fester Länge
- Kontrollfeld mit fester Länge: 250509|| aca||aabn | a|a d
040 ## - Katalogisierungsquelle
- Original-Katalogisierungsstelle:
- Übertragungsstelle:
100 ## - Ansetzung - Personenname
- Personenname: Hafeneger, Benno
670 ## - Datenquelle
- Quellenangabe: Work cat.: ()72451: Hafeneger, Benno., Vom Generalrichter im „Dritten Reich“ zum Ersten Beigeordneten in Glashütten/Ts. :